• 首页
  • 本馆介绍
  • 公告通知
  • 最新文献
  • 馆藏检索
  • 电子资源
  • 读者导购
  • 参考咨询
  • 我的图书馆
  • 登录
  • 详细信息显示
  • 放入我的书架
  • 预约/预借图书
  • 作者相关作品
  • 分类相关作品
  • 丛书相关作品
  • 出版社相关作品

书目信息

  • 表格格式
  • 工作单格式
  • 卡片格式
题名:
文子译注
    
 
作者: 李德山 译注
分册:  
出版信息: 哈尔滨   黑龙江人民出版社  2003
页数: 325页
开本: 22cm
丛书名: 二十二子详注全译
单 册:
中图分类: B223.94
科图分类:
主题词: 道家
电子资源:
ISBN: 7-207-04394-5
000 00857oam2 2200289 450
001 05002241367
005 20051205103446.78
010    @a7-207-04394-5@dCNY509.10(全套)
092    @aCN
100    @a20050627e20042003ekmy0chiy0120 ea
101 0  @achi
102    @aCN@b230000
105    @ay z 000yy
200 1  @a文子译注@9wen zi yi zhu@f李德山译注@Fli de shan yi zhu
210    @a哈尔滨@c黑龙江人民出版社@d2003@h2004重印
215    @a325页@d22cm
225 2  @a二十二子详注全译@f韩格平,董莲池主编
330    @a《文子》,唐以后又称《通玄真经》,是一部重要的道家著作。本书对这一著作进行了全面的注释。
461  0 @12001 @a二十二子详注全译
605    @a文子@x译文
605    @a文子
606 0  @a道家
690    @aB223.94@v4
701  0 @a李德山@9li de shan@4译注
801  0 @aCN@bNLC@c20051205
905    @a10447@dB223.94@e236
999    @aHSJ
    
    文子译注/李德山译注.-哈尔滨:黑龙江人民出版社,2003(2004重印)
    325页;22cm.-(二十二子详注全译/韩格平,董莲池主编)
    
    
    ISBN 7-207-04394-5:CNY509.10(全套)
    《文子》,唐以后又称《通玄真经》,是一部重要的道家著作。本书对这一著作进行了全面的注释。
●
相关链接 在E读中查询图书 在五车中查询图书 在当当中查询图书 在豆瓣中查询图书


正题名:文子译注     索取号:B223.94/236         预约/预借

序号 登录号 条形码 馆藏地/架位号 状态 备注
1 0369801   203698016   第一样本阅览室/ [索取号:B223.94/236] 在馆    
2 0369802   203698025   第一借阅区/ [索取号:B223.94/236] 在馆    
3 0369999   203699998   第一借阅区/ [索取号:B223.94/236] 在馆    
4 0370000   203700003   教育系资料室/ [索取号:B223.94/236] 在馆    
5 0370001   203700012   教育系资料室/ [索取号:B223.94/236] 在馆    
唐山师范学院图书馆 欢迎您!
大连网信软件有限公司© 版权所有